L'enseignement de Rámana Maharshi / (Record no. 90069)

MARC details
000 -LEADER
campo de control de longitud fija 01169cam a2200397Ka 4500
001 - NÚMERO DE CONTROL
campo de control 91280
005 - FECHA Y HORA DE LA ÚLTIMA TRANSACCIÓN
campo de control 20230410132918.0
008 - DATOS DE LONGITUD FIJA--INFORMACIÓN GENERAL
campo de control de longitud fija 060802s2005 fr b 001 0 fre d
035 ## - NÚMERO DE CONTROL DEL SISTEMA
Número de control de sistema (OCoLC)ocm70804129
040 ## - FUENTE DE CATALOGACIÓN
Centro catalogador/agencia de origen SBM
Centro/agencia transcriptor SBM
020 ## - NÚMERO INTERNACIONAL ESTÁNDAR DEL LIBRO
Número Internacional Estándar del Libro 2226159045
020 ## - NÚMERO INTERNACIONAL ESTÁNDAR DEL LIBRO
Número Internacional Estándar del Libro 9782226159045
035 ## - NÚMERO DE CONTROL DEL SISTEMA
Número de control de sistema (OCoLC)70804129
041 1# - CÓDIGO DE IDIOMA
Código de lengua del texto/banda sonora o título independiente fre
Código de lengua original eng
049 ## - FONDOS LOCALES (OCLC)
Biblioteca depositaria GRAL
050 14 - SIGNATURA TOPOGRÁFICA DE LA BIBLIOTECA DEL CONGRESO
Número de clasificación B 133
Número de ítem R165e 2005
082 00 - NÚMERO DE LA CLASIFICACIÓN DECIMAL DEWEY
Número de clasificación 294.52
100 0# - ENTRADA PRINCIPAL--NOMBRE DE PERSONA
Nombre de persona Ramana,
Títulos y otros términos asociados al nombre Maharshi,
Fechas asociadas al nombre 1879-1950
240 10 - TÍTULO UNIFORME
Título uniforme Talks with Sri Ramana Maharshi.
Lenguaje de la obra French
245 12 - MENCIÓN DEL TÍTULO
Título L'enseignement de Rámana Maharshi /
Mención de responsabilidad, etc. traduction et présentation de Eleonore Braitenberg.
250 ## - MENCION DE EDICION
Mención de edición Nouv. éd. intégrale.
260 ## - PUBLICACIÓN, DISTRIBUCIÓN, ETC.
Lugar de publicación, distribución, etc. Paris :
Nombre del editor, distribuidor, etc. A. Michel,
Fecha de publicación, distribución, etc. 2005.
300 ## - DESCRIPCIÓN FÍSICA
Extensión 995 p. ;
Dimensiones 18 cm.
440 #0 - MENCIÓN DE SERIE/PUNTO DE ACCESO ADICIONAL--TÍTULO
Título Spiritualités vivantes ;
Designación de volumen o secuencia 218
504 ## - NOTA DE BIBLIOGRAFÍA, ETC.
Nota de bibliografía, etc. Includes bibliographical references (p. [993]-995) and index.
500 ## - NOTA GENERAL
Nota general Original ed., 1995; 1st French ed., 1972.
650 #0 - PUNTO DE ACCESO ADICIONAL DE MATERIA--TÉRMINO DE MATERIA
Término de materia o nombre geográfico como elemento de entrada Hinduism.
650 #4 - PUNTO DE ACCESO ADICIONAL DE MATERIA--TÉRMINO DE MATERIA
Término de materia o nombre geográfico como elemento de entrada Filosofía hindú.
650 #4 - PUNTO DE ACCESO ADICIONAL DE MATERIA--TÉRMINO DE MATERIA
Término de materia o nombre geográfico como elemento de entrada Shaivismo.
650 #4 - PUNTO DE ACCESO ADICIONAL DE MATERIA--TÉRMINO DE MATERIA
Término de materia o nombre geográfico como elemento de entrada Vedismo.
650 #4 - PUNTO DE ACCESO ADICIONAL DE MATERIA--TÉRMINO DE MATERIA
Término de materia o nombre geográfico como elemento de entrada Tantrismo.
651 #4 - PUNTO DE ACCESO ADICIONAL DE MATERIA--NOMBRE GEOGRÁFICO
Nombre geográfico Siva (Deidad hindú)
Subdivisión general Culto.
942 ## - ELEMENTOS DE ENTRADA SECUNDARIOS (KOHA)
Fuente del sistema de clasificación o colocación Clasificación de Library of Congress
Tipo de ítem Koha
994 ## -
-- C0
-- DRFGD
946 ## - PROCESAMIENTO DE INFORMACIÓN LOCAL (OCLC)
a rdc
Holdings
Estatus retirado Estado de pérdida Fuente del sistema de clasificación o colocación Estado de daño No para préstamo Colección Biblioteca de origen Biblioteca actual Ubicación en estantería Fecha de adquisición Signatura topográfica completa Código de barras Visto por última vez Copia número Tipo de ítem Koha
    Clasificación de Library of Congress     Humanidades Biblioteca Juan Bosch Biblioteca Juan Bosch Humanidades (4to. Piso) 10/04/2023 B 133 R165e 2005 00000075100 17/11/2018 1